[Event "2BLO 1718 SK Weilheim - Bindlach-Aktion"]
[Site "?"]
[Date "2017.11.12"]
[Round "4.8"]
[White "Tafertshofer, Matthias"]
[Black "Wetscherek, Andreas"]
[Result "0-1"]
[WhiteElo "2045"]
[BlackElo "2318"]
[PlyCount "76"]
[EventDate "2017.??.??"]

1. d4 Nf6 2. c4 g6 3. Nc3 d5 4. Nf3 Bg7 5. Bg5 Ne4 6. Bh4 Nxc3 7. bxc3 dxc4 8.
Qa4+ Qd7 9. Qxc4 b6 10. e3 Ba6 11. Qb3 Bxf1 12. Kxf1 O-O 13. Ke2 Nc6 14. Rhd1
e6 15. Bg3 Na5 16. Qb4 Rfc8 17. c4 c5 18. dxc5 Qb7 19. Rab1 Qa6 20. Qb5 Qxb5
21. Rxb5 Nxc4 22. Rc1 a6 23. Rb4 b5 24. Rbxc4 bxc4 25. Rxc4 Bf8 26. c6 f6 27.
Nd4 Kf7 28. f4 Rab8 29. Kf3 Bd6 30. Be1 Rb2 31. a4 e5 32. Bc3 Rb1 33. Ne2 Rb6
34. fxe5 fxe5 35. Ke4 Ke6 36. c7 Rxc7 37. Rxc7 Bxc7 38. Ng1 Rb3 0-1

[Event "2BLO 1718 BCA Augsburg - Nickelhütte A"]
[Site "?"]
[Date "2017.11.12"]
[Round "4.1"]
[White "Papp, Gabor"]
[Black "Rozentalis, Eduardas"]
[Result "1/2-1/2"]
[WhiteElo "2598"]
[BlackElo "2508"]
[PlyCount "55"]
[EventDate "2017.??.??"]

1. c4 e6 2. Nf3 Nf6 3. g3 b6 4. Bg2 Bb7 5. O-O Be7 6. Nc3 O-O 7. d4 Ne4 8. Bd2
Bf6 9. Be1 Nxc3 10. Bxc3 Be4 11. Rc1 d5 12. Qa4 Qe8 13. Qxe8 Rxe8 14. b3 a5 15.
a4 Na6 16. Rfd1 Rac8 17. cxd5 exd5 18. Bh3 Rcd8 19. Nd2 c5 20. Nxe4 dxe4 21. e3
cxd4 22. Bxd4 Bxd4 23. Rxd4 Nc5 24. Rc3 g6 25. Bf1 Kg7 26. Bb5 Rf8 27. Kf1 f5
28. h4 1/2-1/2

[Event "2BLO 1718 BCA Augsburg - Nickelhütte A"]
[Site "?"]
[Date "2017.11.12"]
[Round "4.2"]
[White "Kulaots, Kaido"]
[Black "Antal, Gergely"]
[Result "1/2-1/2"]
[WhiteElo "2573"]
[BlackElo "2529"]
[PlyCount "60"]
[EventDate "2017.??.??"]

1. e4 c5 2. Nc3 e6 3. Nf3 Nc6 4. d4 cxd4 5. Nxd4 Qc7 6. Be3 a6 7. Qf3 Ne5 8.
Qg3 h5 9. O-O-O h4 10. Qh3 b5 11. f4 Nc4 12. Bxc4 Qxc4 13. Rhe1 Bb7 14. Kb1 Nf6
15. e5 Nd5 16. Ne4 Nb4 17. b3 Qc7 18. Bc1 Bxe4 19. Rxe4 Qa5 20. a3 Nd5 21. b4
Qb6 22. f5 a5 23. c3 axb4 24. cxb4 Bxb4 25. axb4 Qa6 26. Bb2 Qa2+ 27. Kc1 Qc4+
28. Kb1 Qa2+ 29. Kc1 Qc4+ 30. Kb1 Qa2+ 1/2-1/2

[Event "2BLO 1718 BCA Augsburg - Nickelhütte A"]
[Site "?"]
[Date "2017.11.12"]
[Round "4.3"]
[White "Meijers, Viesturs"]
[Black "Prusikin, Michael"]
[Result "1/2-1/2"]
[WhiteElo "2472"]
[BlackElo "2526"]
[PlyCount "148"]
[EventDate "2017.??.??"]

1. e4 e6 2. d4 d5 3. exd5 exd5 4. Nf3 Nc6 5. Be2 Nf6 6. O-O Be7 7. b3 O-O 8. c4
Ne4 9. Bb2 Bf5 10. Nc3 Nxc3 11. Bxc3 Bf6 12. Rc1 Re8 13. Re1 Be4 14. Bd3 Qd6
15. Bxe4 Rxe4 16. cxd5 Rxe1+ 17. Qxe1 Qxd5 18. h3 h6 19. Bb2 Rd8 20. Rc4 a6 21.
Qc1 Qf5 22. Qc2 Qxc2 23. Rxc2 Rd7 24. a3 Nd8 25. b4 Ne6 26. g3 c6 27. Kf1 Rd5
28. Rd2 g5 29. Ke2 Kg7 30. Rd3 Kg6 31. Ke3 h5 32. Nd2 Ng7 33. Nb3 Nf5+ 34. Ke2
g4 35. h4 Nd6 36. Nc5 Kf5 37. a4 Nc4 38. Bc3 Nd6 39. Ba1 Bd8 40. a5 Bf6 41. Bb2
Bg7 42. Ba1 Bh6 43. Bb2 Bf8 44. Bc3 Ne4 45. Nxb7 Rd7 46. Nc5 Bxc5 47. dxc5 Rxd3
48. Kxd3 Nxf2+ 49. Kd4 Ke6 50. Be1 Nh3 51. Ke4 f6 52. Bd2 Ng1 53. Bf4 Nf3 54.
Bb8 Ne5 55. Bc7 Ng6 56. Bd6 Ne5 57. Bb8 Nf7 58. Bc7 Nh6 59. Bb8 Nf5 60. Bc7 Ne7
61. Bf4 Nd5 62. Bd2 f5+ 63. Kd4 Nc7 64. Bf4 Nd5 65. Bd2 Nc7 66. Bf4 Nb5+ 67.
Kc4 Na3+ 68. Kb3 Nb5 69. Kc4 Na7 70. Kd4 Nc8 71. Bb8 Ne7 72. Bf4 Nd5 73. Bd2
Nc7 74. Bf4 Nd5 1/2-1/2

[Event "2BLO 1718 BCA Augsburg - Nickelhütte A"]
[Site "?"]
[Date "2017.11.12"]
[Round "4.4"]
[White "Nestorovic, Nikola"]
[Black "Slobodjan, Roman"]
[Result "0-1"]
[WhiteElo "2507"]
[BlackElo "2460"]
[PlyCount "78"]
[EventDate "2017.??.??"]

1. e4 e5 2. Nf3 Nc6 3. Bc4 Nf6 4. d3 Be7 5. O-O O-O 6. Re1 d6 7. a4 Be6 8. Nbd2
Re8 9. c3 Bf8 10. a5 Bxc4 11. dxc4 Qc8 12. Nf1 h6 13. Qd3 b6 14. b4 bxa5 15. b5
Nd8 16. Ne3 a6 17. Rxa5 Nb7 18. Rxa6 Rxa6 19. bxa6 Nc5 20. Qc2 c6 21. Nd2 Qxa6
22. Bb2 Ra8 23. Ra1 Qc8 24. Ra3 g6 25. f3 h5 26. Ndf1 Be7 27. Qd1 Rb8 28. Bc1
Qe6 29. Ra2 Nfd7 30. Qc2 Nb6 31. Rb2 Bd8 32. Bd2 Ra8 33. Rb4 Na6 34. Rb1 Nxc4
35. Nxc4 Qxc4 36. Be3 Nc7 37. Nd2 Qe2 38. Bb6 Ne6 39. Bf2 Bg5 0-1

[Event "2BLO 1718 BCA Augsburg - Nickelhütte A"]
[Site "?"]
[Date "2017.11.12"]
[Round "4.5"]
[White "Spiess, Gunter"]
[Black "Arnaudov, G. Petar"]
[Result "1/2-1/2"]
[WhiteElo "2435"]
[BlackElo "2441"]
[PlyCount "75"]
[EventDate "2017.??.??"]

1. Nf3 Nf6 2. c4 e6 3. d4 c5 4. d5 exd5 5. cxd5 d6 6. Nc3 g6 7. h3 Bg7 8. e4
O-O 9. Bd3 b5 10. Bxb5 Nxe4 11. Nxe4 Qa5+ 12. Nfd2 Qxb5 13. Nxd6 Qa6 14. N2c4
Nd7 15. O-O Ne5 16. Nxe5 Qxd6 17. Nc4 Qa6 18. Ne3 Bb7 19. Qc2 Bd4 20. Bd2 Rad8
21. Bc3 Bxd5 22. Nxd5 Rxd5 23. Rfd1 Rfd8 24. b3 Qb6 25. Bxd4 cxd4 26. Rd3 a5
27. Rad1 Kf8 28. Qb2 h5 29. Qe2 Qd6 30. Qe4 f5 31. Qe2 h4 32. Re1 Qf6 33. f4
Qf7 34. Qf2 Qf6 35. Rc1 R5d7 36. Kh1 Kg7 37. Kg1 Kf7 38. Kh1 1/2-1/2

[Event "2BLO 1718 BCA Augsburg - Nickelhütte A"]
[Site "?"]
[Date "2017.11.12"]
[Round "4.6"]
[White "Pitl, Gregory"]
[Black "Langrock, Hannes"]
[Result "1/2-1/2"]
[WhiteElo "2395"]
[BlackElo "2385"]
[PlyCount "23"]
[EventDate "2017.??.??"]

1. Nf3 d5 2. g3 Bg4 3. Bg2 Nd7 4. c4 e6 5. cxd5 exd5 6. O-O c6 7. d3 Ngf6 8.
Nc3 Bc5 9. Bf4 O-O 10. Na4 Bxf3 11. Bxf3 Bd4 12. Rc1 1/2-1/2

[Event "2BLO 1718 BCA Augsburg - Nickelhütte A"]
[Site "?"]
[Date "2017.11.12"]
[Round "4.7"]
[White "Eichner, Sebastian"]
[Black "Stankovic, Milos"]
[Result "1/2-1/2"]
[WhiteElo "2364"]
[BlackElo "2399"]
[PlyCount "48"]
[EventDate "2017.??.??"]

1. d4 Nf6 2. c4 e6 3. Nf3 Bb4+ 4. Bd2 a5 5. g3 d6 6. Bg2 Nbd7 7. O-O e5 8. dxe5
dxe5 9. Nc3 O-O 10. Qc2 Re8 11. Rad1 c6 12. Ng5 h6 13. Nge4 Qc7 14. h3 Be7 15.
Kh2 Nxe4 16. Bxe4 Nc5 17. Bg2 Be6 18. Ne4 Nxe4 19. Bxe4 Qb6 20. b3 Bc5 21. e3
Bb4 22. Bc1 a4 23. Bh7+ Kh8 24. Bf5 axb3 1/2-1/2

[Event "2BLO 1718 BCA Augsburg - Nickelhütte A"]
[Site "?"]
[Date "2017.11.12"]
[Round "4.8"]
[White "Schmittdiel, Eckhard"]
[Black "Wichmann, Cliff"]
[Result "1/2-1/2"]
[WhiteElo "2458"]
[BlackElo "2301"]
[PlyCount "53"]
[EventDate "2017.??.??"]

1. e4 e6 2. d4 d5 3. Nc3 Nf6 4. e5 Nfd7 5. f4 c5 6. Nf3 Nc6 7. Ne2 Be7 8. g3
O-O 9. Bh3 cxd4 10. Nexd4 Nc5 11. Be3 Qb6 12. Nb3 Qb4+ 13. Qd2 Qxd2+ 14. Nfxd2
Na4 15. O-O-O Rd8 16. Nf3 Bd7 17. Kb1 Rac8 18. Nfd4 Nxd4 19. Bxd4 b6 20. g4 Bb5
21. Be3 Be2 22. Rc1 Bc5 23. Bxc5 bxc5 24. Rhe1 Ba6 25. Ka1 Rb8 26. f5 Rb6 27.
Rb1 1/2-1/2

[Event "2BLO 1718 SC NT Nürnberg - Erfurter SK"]
[Site "?"]
[Date "2017.11.12"]
[Round "4.1"]
[White "Mihok, Oliver"]
[Black "Milov, Leonid"]
[Result "1/2-1/2"]
[WhiteElo "2538"]
[BlackElo "2458"]
[PlyCount "43"]
[EventDate "2017.??.??"]

1. e4 c5 2. Nf3 e6 3. d4 cxd4 4. Nxd4 Nc6 5. Nc3 Qc7 6. Be3 a6 7. Qf3 Nf6 8.
O-O-O h5 9. Nxc6 dxc6 10. Qg3 Qxg3 11. hxg3 b5 12. Be2 e5 13. Bg5 Be7 14. Bxf6
Bxf6 15. Rxh5 Rxh5 16. Bxh5 Bg5+ 17. Kb1 g6 18. Be2 Ke7 19. Rf1 Bd2 20. Rd1 Bg5
21. Rf1 Bd2 22. Rd1 1/2-1/2

[Event "2BLO 1718 SC NT Nürnberg - Erfurter SK"]
[Site "?"]
[Date "2017.11.12"]
[Round "4.2"]
[White "Kirchner, Thomas"]
[Black "Braeuer, Franz"]
[Result "0-1"]
[WhiteElo "2345"]
[BlackElo "2398"]
[PlyCount "94"]
[EventDate "2017.??.??"]

1. e4 c5 2. Nf3 d6 3. Bc4 a6 4. a4 Nf6 5. d3 Nc6 6. h3 e6 7. O-O Be7 8. c3 O-O
9. Bb3 b6 10. Bf4 Bb7 11. Qe2 Qd7 12. Nbd2 b5 13. Rfd1 Rfc8 14. Ba2 Qe8 15. Bh2
Bf8 16. d4 cxd4 17. cxd4 Nb4 18. Bb3 d5 19. e5 Ne4 20. Nf1 bxa4 21. Bxa4 Bc6
22. Bxc6 Rxc6 23. Ne1 f5 24. h4 g5 25. f3 Qh5 26. g4 fxg4 27. fxe4 gxh4 28. Ne3
Ra7 29. Kh1 Rg7 30. exd5 exd5 31. Bf4 Qg6 32. Nf1 Rf7 33. Ng2 Be7 34. Bd2 Nd3
35. Be1 Nxb2 36. Rdc1 Nc4 37. Rc3 h3 38. Nh4 Qe4+ 39. Qxe4 Rxf1+ 40. Kh2 dxe4
41. d5 Rb6 42. Rxc4 Rb2+ 43. Kg3 h2 44. Rc8+ Kg7 45. Nf5+ Rxf5 46. Bc3 Rf3+ 47.
Kxg4 Rg2+ 0-1

[Event "2BLO 1718 SC NT Nürnberg - Erfurter SK"]
[Site "?"]
[Date "2017.11.12"]
[Round "4.3"]
[White "Votava, Jan"]
[Black "Promyshlyanskyy, Vitaliy"]
[Result "1-0"]
[WhiteElo "2512"]
[BlackElo "2303"]
[PlyCount "77"]
[EventDate "2017.??.??"]

1. c4 Nc6 2. Nc3 e5 3. g3 f5 4. Bg2 Nf6 5. e3 d5 6. cxd5 Nb4 7. d3 Nfxd5 8.
Nxd5 Nxd5 9. Nf3 Bd6 10. O-O Nf6 11. e4 fxe4 12. dxe4 Qe7 13. Nh4 Bc5 14. Nf5
Qf7 15. b4 Bb6 16. Bb2 O-O 17. Bxe5 Be6 18. Qc2 Rad8 19. Ne3 Qh5 20. Bf4 Kh8
21. h4 h6 22. a4 c6 23. Rad1 Rxd1 24. Qxd1 Qf7 25. a5 Rd8 26. Qc1 Bd4 27. Nc2
Bc3 28. Qa3 Bb3 29. Na1 Bxa1 30. Qxa1 Bc2 31. Re1 Qb3 32. Bxh6 Qxb4 33. Bg5 Rf8
34. e5 Ng4 35. e6 Rxf2 36. e7 Bg6 37. e8=Q+ Bxe8 38. Rxe8+ Kh7 39. Be4+ 1-0

[Event "2BLO 1718 SC NT Nürnberg - Erfurter SK"]
[Site "?"]
[Date "2017.11.12"]
[Round "4.4"]
[White "Wagner, Florian"]
[Black "Enders, Peter"]
[Result "0-1"]
[WhiteElo "2209"]
[BlackElo "2447"]
[PlyCount "82"]
[EventDate "2017.??.??"]

1. d4 Nf6 2. Nf3 g6 3. g3 Bg7 4. Bg2 O-O 5. O-O c5 6. dxc5 Qa5 7. a3 Qxc5 8. b4
Qh5 9. h3 d6 10. g4 Qb5 11. Bb2 Qe8 12. c4 Nc6 13. Nbd2 Bd7 14. Rc1 Rd8 15. Nb3
e5 16. b5 Ne7 17. Nfd2 Bc8 18. e3 h5 19. g5 Nh7 20. f4 Nf5 21. Re1 Nh4 22. Bf1
Qe7 23. c5 dxc5 24. Qe2 exf4 25. Bxg7 Kxg7 26. exf4 Qxe2 27. Rxe2 b6 28. Rc3
Rfe8 29. Nc4 Rxe2 30. Bxe2 Nf8 31. a4 Ne6 32. a5 Nxf4 33. Bf1 Rd1 34. axb6 axb6
35. Kf2 Nd5 36. Rc1 Rxc1 37. Nxc1 Bd7 38. Ne5 Be8 39. Na2 Nf5 40. Bc4 Nc7 41.
Nc3 Nd6 0-1

[Event "2BLO 1718 SC NT Nürnberg - Erfurter SK"]
[Site "?"]
[Date "2017.11.12"]
[Round "4.5"]
[White "Machelett, Heiko"]
[Black "Martin, Thomas"]
[Result "1/2-1/2"]
[WhiteElo "2394"]
[BlackElo "2281"]
[PlyCount "83"]
[EventDate "2017.??.??"]

1. Nf3 b5 2. g3 Bb7 3. Bg2 Nf6 4. O-O e6 5. d3 c5 6. e4 d5 7. Nbd2 Be7 8. Re1
O-O 9. e5 Nfd7 10. Nf1 Nc6 11. h4 a5 12. N1h2 Nd4 13. Nxd4 cxd4 14. Qg4 Kh8 15.
Qxd4 Qc7 16. c3 f6 17. exf6 Bxf6 18. Qe3 e5 19. Ng4 d4 20. Qe2 Bxg2 21. Kxg2
Nc5 22. cxd4 exd4 23. Nxf6 Rxf6 24. Bg5 Qc6+ 25. Kg1 Rf3 26. Rac1 Raf8 27. Rxc5
Qxc5 28. Be7 Qd5 29. Bxf8 Rxf8 30. b3 h6 31. Qe4 Qc5 32. Re2 b4 33. Kg2 Rc8 34.
Qe5 Qc3 35. Qf5 Qc6+ 36. Re4 Re8 37. Qf3 Rxe4 38. Qxe4 Qc2 39. Qe8+ Kh7 40.
Qe4+ Kh8 41. Qe8+ Kh7 42. Qe4+ 1/2-1/2

[Event "2BLO 1718 SC NT Nürnberg - Erfurter SK"]
[Site "?"]
[Date "2017.11.12"]
[Round "4.6"]
[White "Heimrath, Reiner"]
[Black "Troyke, Christian"]
[Result "1-0"]
[WhiteElo "2260"]
[BlackElo "2355"]
[PlyCount "85"]
[EventDate "2017.??.??"]

1. d4 g6 2. c4 Nf6 3. Nc3 Bg7 4. e4 d6 5. Nf3 O-O 6. h3 c6 7. Be2 d5 8. e5 Ne4
9. O-O f5 10. exf6 exf6 11. Qb3 Kh8 12. Re1 dxc4 13. Bxc4 Nd6 14. Be6 Nd7 15.
Bf4 Nb6 16. a4 Re8 17. Bxc8 Nbxc8 18. Rxe8+ Qxe8 19. Re1 Qd8 20. Qe6 Bf8 21. a5
a6 22. g4 h6 23. h4 Kh7 24. g5 Bg7 25. Kg2 Qf8 26. Ne4 Nxe4 27. Rxe4 fxg5 28.
hxg5 Qf5 29. gxh6 Bxh6 30. Bxh6 Qxe6 31. Rxe6 Kxh6 32. Ne5 Na7 33. Rxg6+ Kh7
34. Rd6 Rg8+ 35. Kf3 Nb5 36. Rd7+ Rg7 37. Ke3 Rxd7 38. Nxd7 Nd6 39. b3 Kg6 40.
d5 cxd5 41. Kd4 Kf7 42. Kxd5 Nb5 43. Nc5 1-0

[Event "2BLO 1718 SC NT Nürnberg - Erfurter SK"]
[Site "?"]
[Date "2017.11.12"]
[Round "4.7"]
[White "Heinzel, Olaf"]
[Black "Epding, Olaf"]
[Result "1/2-1/2"]
[WhiteElo "2366"]
[BlackElo "2255"]
[PlyCount "95"]
[EventDate "2017.??.??"]

1. d4 d5 2. Bf4 e6 3. e3 c5 4. c3 Nc6 5. Nf3 Nf6 6. Nbd2 Bd6 7. Bg3 O-O 8. Bd3
Qe7 9. Ne5 Bxe5 10. dxe5 Nd7 11. f4 f6 12. Nf3 fxe5 13. fxe5 g5 14. h4 g4 15.
Ng5 h6 16. Nh7 Rf7 17. Nf6+ Nxf6 18. exf6 Qxf6 19. Rf1 Qg7 20. Rxf7 Kxf7 21. h5
Ne5 22. Bc2 Qg5 23. Qe2 Nc4 24. Qf2+ Kg7 25. Ke2 d4 26. exd4 Qd2+ 27. Kf1 Ne3+
28. Kg1 Qxf2+ 29. Kxf2 Nxc2 30. Rc1 Na3 31. Be5+ Kg8 32. bxa3 Bd7 33. Kg3 cxd4
34. cxd4 Bc6 35. Kxg4 Rf8 36. Bf4 Kh7 37. g3 Rd8 38. Be5 Rf8 39. Bf4 Rd8 40.
Rc4 Rd5 41. Be5 Rd8 42. Rc2 Rf8 43. Bf4 Rd8 44. Rd2 Bd5 45. Kh4 Rc8 46. Rf2 Rc3
47. Be5 Rf3 48. Rxf3 1/2-1/2

[Event "2BLO 1718 SC NT Nürnberg - Erfurter SK"]
[Site "?"]
[Date "2017.11.12"]
[Round "4.8"]
[White "Krauss, Hermann"]
[Black "Casper, Thomas"]
[Result "1/2-1/2"]
[WhiteElo "2117"]
[BlackElo "2369"]
[PlyCount "40"]
[EventDate "2017.??.??"]

1. c4 Nf6 2. Nf3 d6 3. d4 g6 4. b3 Bg7 5. Bb2 O-O 6. g3 e5 7. dxe5 Ng4 8. Nc3
Nxe5 9. Nxe5 dxe5 10. Qxd8 Rxd8 11. Nd5 Na6 12. O-O-O Be6 13. Bg2 c6 14. Nc3 f5
15. Rxd8+ Rxd8 16. Rd1 Rxd1+ 17. Nxd1 e4 18. Bxg7 Kxg7 19. f4 exf3 20. exf3 Kf6
1/2-1/2

[Event "2BLO 1718 SC Garching - SG AE Magdeburg"]
[Site "?"]
[Date "2017.11.12"]
[Round "4.1"]
[White "Woellermann, Jan"]
[Black "Stocek, Jiri"]
[Result "0-1"]
[WhiteElo "2384"]
[BlackElo "2581"]
[PlyCount "75"]
[EventDate "2017.??.??"]

1. d4 Nf6 2. c4 e6 3. Nf3 b6 4. g3 Bb7 5. Bg2 g6 6. O-O Bg7 7. Nc3 Ne4 8. Bd2
O-O 9. Rc1 Na6 10. a3 c5 11. d5 exd5 12. cxd5 Re8 13. Nxe4 Rxe4 14. Bc3 d6 15.
Nd2 Re8 16. Re1 Nc7 17. Nc4 Ba6 18. Bxg7 Kxg7 19. Qd2 Bxc4 20. Rxc4 b5 21. Rh4
h5 22. b4 c4 23. a4 Rc8 24. Rf4 Qd7 25. Qd4+ Kg8 26. Rf3 Na6 27. axb5 Nxb4 28.
Rb1 a5 29. bxa6 Nxa6 30. Rb6 Rxe2 31. Bf1 Re1 32. Kg2 Nc5 33. Qxc4 Rf8 34. Qf4
Re5 35. Qf6 Ne4 36. Qf4 Ng5 37. Re3 Rxd5 38. Rd3 0-1

[Event "2BLO 1718 SC Garching - SG AE Magdeburg"]
[Site "?"]
[Date "2017.11.12"]
[Round "4.2"]
[White "Krivoborodov, Egor"]
[Black "Paul, Johannes"]
[Result "1/2-1/2"]
[WhiteElo "2542"]
[BlackElo "2335"]
[PlyCount "220"]
[EventDate "2017.??.??"]

1. Nf3 Nf6 2. c4 e6 3. g3 b6 4. Bg2 Bb7 5. O-O c5 6. Nc3 Be7 7. d4 cxd4 8. Qxd4
d6 9. Bg5 a6 10. Bxf6 Bxf6 11. Qf4 O-O 12. Rfd1 Be7 13. Ne4 Bxe4 14. Qxe4 Ra7
15. Nd4 Rc7 16. b3 Rc5 17. a4 Qc8 18. Qb1 Nd7 19. Ra2 Ne5 20. Rad2 g6 21. e3
Re8 22. h3 Bf8 23. Kh2 Qb8 24. Qa2 Rec8 25. Kg1 Qa7 26. g4 Qb8 27. Kh1 Qa7 28.
Ne2 Qe7 29. f4 Nc6 30. Ng3 d5 31. g5 Nb4 32. Qb1 Bg7 33. Kh2 b5 34. axb5 axb5
35. cxd5 exd5 36. e4 Bc3 37. Re2 d4 38. e5 d3 39. Rxd3 Nxd3 40. Qxd3 Kg7 41.
Ne4 Bxe5 42. fxe5 Qxe5+ 43. Qg3 Qxg3+ 44. Kxg3 Rc2 45. Re3 Re8 46. Bf3 h6 47.
h4 Rb2 48. Rd3 Re5 49. gxh6+ Kxh6 50. Nd6 Kg7 51. Bd5 Rxd5 52. Rxd5 Rxb3+ 53.
Kg2 Rb2+ 54. Kf3 Rb3+ 55. Ke2 Rb4 56. h5 gxh5 57. Rxh5 Rb2+ 58. Kd3 Kg6 59. Rh1
Rf2 60. Ke3 Rb2 61. Rf1 b4 62. Nxf7 b3 63. Ne5+ Kg5 64. Nd3 Ra2 65. Rb1 b2 66.
Nxb2 Kf5 67. Nc4 Ra4 68. Rb5+ Ke6 69. Kd4 Ra1 70. Rb6+ Kf5 71. Ne3+ Kf4 72.
Rf6+ Kg5 73. Rf8 Ra5 74. Ke4 Kg6 75. Nd5 Ra1 76. Rg8+ Kf7 77. Rg2 Re1+ 78. Kf5
Rf1+ 79. Nf4 Ke7 80. Rg6 Kd7 81. Rh6 Ke7 82. Ke5 Re1+ 83. Kd4 Rd1+ 84. Nd3 Kf7
85. Ke4 Ke7 86. Nc5 Re1+ 87. Kf5 Rf1+ 88. Ke5 Re1+ 89. Ne4 Kd7 90. Kd5 Rd1+ 91.
Kc4 Rc1+ 92. Nc3 Ke7 93. Kd4 Kd7 94. Nb5 Rd1+ 95. Ke5 Re1+ 96. Kd5 Rd1+ 97. Nd4
Ke7 98. Rh2 Kf6 99. Rf2+ Ke7 100. Rf3 Ke8 101. Ke5 Ke7 102. Nf5+ Kd7 103. Ra3
Re1+ 104. Kd5 Rd1+ 105. Nd4 Ke7 106. Rf3 Ke8 107. Rf4 Ke7 108. Rf2 Ke8 109. Rh2
Ke7 110. Rh6 Kf7 1/2-1/2

[Event "2BLO 1718 SC Garching - SG AE Magdeburg"]
[Site "?"]
[Date "2017.11.12"]
[Round "4.3"]
[White "Sieber, Fiona"]
[Black "Rusche, Johannes"]
[Result "0-1"]
[WhiteElo "2195"]
[BlackElo "2282"]
[PlyCount "98"]
[EventDate "2017.??.??"]

1. e4 e5 2. Nf3 Nc6 3. Bb5 a6 4. Ba4 Nf6 5. O-O Be7 6. Re1 b5 7. Bb3 O-O 8. c3
d6 9. h3 Bb7 10. d4 Re8 11. Ng5 Rf8 12. Nf3 Re8 13. a3 h6 14. Nbd2 Bf8 15. Bc2
Nb8 16. a4 Nbd7 17. Bd3 c6 18. b3 g6 19. Qc2 Nh5 20. Bf1 Nf4 21. Ba3 Rc8 22. g3
Ne6 23. Rab1 Qb6 24. dxe5 dxe5 25. b4 Qc7 26. c4 bxa4 27. Qxa4 c5 28. Rb2 cxb4
29. Bxb4 Bc6 30. Qc2 Bxb4 31. Rxb4 a5 32. Rb2 Ndc5 33. Nb1 Nd4 34. Nxd4 exd4
35. Qd2 Rcd8 36. Qxh6 Nxe4 37. Qh4 d3 38. Nd2 Nxf2 39. Rxe8+ Rxe8 40. Qf4 Qxf4
41. gxf4 Ne4 42. Bxd3 Nc5 43. Bf1 a4 44. Kf2 Kg7 45. Be2 Rh8 46. Kg3 Rd8 47.
Bf3 Rd3 48. Kg2 a3 49. Ra2 Nb3 0-1

[Event "2BLO 1718 SC Garching - SG AE Magdeburg"]
[Site "?"]
[Date "2017.11.12"]
[Round "4.4"]
[White "Bredl, Harald"]
[Black "Melamed, Tatjana"]
[Result "0-1"]
[WhiteElo "2324"]
[BlackElo "2326"]
[PlyCount "120"]
[EventDate "2017.??.??"]

1. d4 Nf6 2. Nf3 g6 3. g3 Bg7 4. Bg2 O-O 5. O-O d6 6. b3 c5 7. c4 Nc6 8. Bb2
cxd4 9. Nxd4 Bd7 10. Nc2 Qa5 11. Ne3 Ng4 12. Bxg7 Nxe3 13. Bc3 Nxd1 14. Bxa5
Nxf2 15. Bd2 Ng4 16. Nc3 Rac8 17. Rad1 Be6 18. h3 Nge5 19. Be3 Kg7 20. Kh2 h5
21. Bg1 b6 22. Rd2 Rh8 23. Nb5 Bd7 24. Rfd1 Rb8 25. Bh1 Ng4+ 26. Kg2 Nce5 27.
Kf1 Nf6 28. Bg2 Bxb5 29. cxb5 Rbc8 30. Bd4 Rc7 31. Kf2 Rhc8 32. Ke3 Nfd7 33.
Be4 Kg8 34. Bd5 Rc1 35. Rxc1 Rxc1 36. Be4 Nc5 37. Rc2 Rg1 38. Kf2 Rd1 39. Bxe5
Nxe4+ 40. Ke3 Nc5 41. Bf4 Kg7 42. Kf3 h4 43. Bg5 Ne6 44. Be3 hxg3 45. Kxg3 d5
46. Bc1 Kf6 47. a4 Kf5 48. Bb2 d4 49. Ba3 Rb1 50. Bxe7 Rxb3+ 51. Kf2 Rxh3 52.
Rc6 Rh2+ 53. Kf1 Rh1+ 54. Kf2 Ra1 55. Rc4 Ra2 56. Kf3 g5 57. Bd6 g4+ 58. Kg3
Rxe2 59. Bb8 d3 60. Rc6 Ng5 0-1

[Event "2BLO 1718 SC Garching - SG AE Magdeburg"]
[Site "?"]
[Date "2017.11.12"]
[Round "4.5"]
[White "Andre, Gordon"]
[Black "Koepke, Christian"]
[Result "1/2-1/2"]
[WhiteElo "2270"]
[BlackElo "2290"]
[PlyCount "118"]
[EventDate "2017.??.??"]

1. c4 Nf6 2. Nc3 g6 3. d4 Bg7 4. e4 d6 5. Bg5 h6 6. Be3 Ng4 7. Bc1 c5 8. dxc5
Bxc3+ 9. bxc3 dxc5 10. Qxd8+ Kxd8 11. h3 Ne5 12. f4 Nec6 13. Nf3 b6 14. Be3 Nd7
15. O-O-O Bb7 16. f5 g5 17. h4 g4 18. Ne1 Nce5 19. Nd3 Ke8 20. Nxe5 Nxe5 21.
Bf4 f6 22. Bxe5 fxe5 23. Bd3 Rd8 24. Bc2 Bc6 25. Rxd8+ Kxd8 26. Kd2 h5 27. g3
Rh6 28. Rf1 Rf6 29. Ke2 Ke8 30. Rf2 Bd7 31. Ke3 Rd6 32. Rd2 Rxd2 33. Kxd2 Bc6
34. Ke3 Kf8 35. Bd1 Kg7 36. Bc2 Kf6 37. Bd1 Bd7 38. Kd3 Be8 39. Bb3 Bc6 40. Bc2
Bd7 41. Bb3 e6 42. fxe6 Kxe6 43. Bc2 Kd6 44. Kd2 Kc7 45. Kc1 Kb7 46. Kb2 Ka6
47. Ka3 Ka5 48. Kb2 Ba4 49. Bxa4 Kxa4 50. a3 a6 51. Ka2 b5 52. cxb5 axb5 53.
Kb2 b4 54. axb4 cxb4 55. c4 b3 56. c5 Kb5 57. Kxb3 Kxc5 58. Kc3 Kb5 59. Kb3 Kc5
1/2-1/2

[Event "2BLO 1718 SC Garching - SG AE Magdeburg"]
[Site "?"]
[Date "2017.11.12"]
[Round "4.6"]
[White "Hess, Max"]
[Black "Schoene, Maria"]
[Result "1/2-1/2"]
[WhiteElo "2271"]
[BlackElo "2260"]
[PlyCount "61"]
[EventDate "2017.??.??"]

1. d4 Nf6 2. Bf4 g6 3. Nc3 d5 4. e3 Bg7 5. h4 a6 6. Be2 h5 7. Nf3 Bg4 8. Ne5
Bxe2 9. Qxe2 c5 10. dxc5 Qa5 11. O-O Qxc5 12. e4 d4 13. Nd3 Qc4 14. Nb1 O-O 15.
Nd2 Qc8 16. Nf3 Nc6 17. e5 Nd5 18. Qe4 Nxf4 19. Nxf4 Qg4 20. Rfe1 Rfd8 21. Nd3
Qxe4 22. Rxe4 e6 23. Rd1 Rd5 24. a3 Re8 25. Kf1 b5 26. b4 Ra8 27. Nf4 Rdd8 28.
Ne2 Rd5 29. Nf4 Rdd8 30. Ne2 Rd5 31. Nf4 1/2-1/2

[Event "2BLO 1718 SC Garching - SG AE Magdeburg"]
[Site "?"]
[Date "2017.11.12"]
[Round "4.7"]
[White "Roseneck, Jonas"]
[Black "Schmitz, Thorsten"]
[Result "1/2-1/2"]
[WhiteElo "2178"]
[BlackElo "2242"]
[PlyCount "95"]
[EventDate "2017.??.??"]

1. e4 Nf6 2. e5 Nd5 3. d4 d6 4. c4 Nb6 5. f4 dxe5 6. fxe5 Nc6 7. Be3 Bf5 8. Nc3
e6 9. Be2 Be7 10. Nf3 O-O 11. O-O f6 12. exf6 Bxf6 13. Qd2 Qd7 14. Rad1 Rad8
15. Qc1 Qe7 16. Kh1 h6 17. Bg1 Kh8 18. Rd2 Bg4 19. c5 Bxf3 20. Rxf3 Nd5 21. Rd1
Bg5 22. Qc2 Ncb4 23. Qe4 Nf6 24. Qb1 Nc6 25. Ne4 Nxe4 26. Qxe4 Rxf3 27. Bxf3
Bf6 28. Bg4 e5 29. d5 Nd4 30. b4 a5 31. a3 axb4 32. axb4 Qf7 33. Bxd4 exd4 34.
Be6 Qh5 35. Rf1 Be5 36. h3 Qg5 37. g4 Qe3 38. Qxe3 dxe3 39. Re1 Bd4 40. Kg2 Bc3
41. Rxe3 Bxb4 42. c6 bxc6 43. dxc6 Re8 44. Kf3 g5 45. Re4 Bd6 46. Ke3 Kg7 47.
Kd4 Kf6 48. Bf5 {(=)} 1/2-1/2

[Event "2BLO 1718 SC Garching - SG AE Magdeburg"]
[Site "?"]
[Date "2017.11.12"]
[Round "4.8"]
[White "Ruecker, Benjamin"]
[Black "Biastoch, Bennet"]
[Result "1-0"]
[WhiteElo "2261"]
[BlackElo "2120"]
[PlyCount "57"]
[EventDate "2017.??.??"]

1. Nf3 d5 2. c4 c6 3. e3 Nf6 4. Nc3 a6 5. d4 Bf5 6. Be2 h6 7. Qb3 Ra7 8. a4 e6
9. a5 Bd6 10. Qb6 Qxb6 11. axb6 Ra8 12. c5 Be7 13. Nd2 Nbd7 14. Nb3 a5 15. Bd2
a4 16. f3 O-O 17. Nxa4 Bc2 18. Na5 e5 19. Bd1 Bxa4 20. Rxa4 Rab8 21. b4 exd4
22. exd4 Nh7 23. Bf4 Rbe8 24. O-O Bf6 25. Nxb7 Bxd4+ 26. Kh1 Ne5 27. Nd6 Nd3
28. Nxe8 Rxe8 29. Bg3 1-0

[Event "2BLO 1718 SC Erlangen - SC Forchheim"]
[Site "?"]
[Date "2017.11.12"]
[Round "4.1"]
[White "Jirovsky, Milos"]
[Black "Klek, Hanna Marie"]
[Result "1-0"]
[WhiteElo "2443"]
[BlackElo "2362"]
[PlyCount "111"]
[EventDate "2017.??.??"]

1. c4 e5 2. g3 c6 3. d4 e4 4. Nc3 d5 5. cxd5 cxd5 6. f3 exf3 7. exf3 Nc6 8.
Nge2 Bb4 9. Bg2 Nge7 10. O-O O-O 11. Be3 Ba5 12. Bf2 a6 13. Rc1 b5 14. Nf4 Qd6
15. a4 Bd7 16. axb5 axb5 17. Nxb5 Qb4 18. Nc3 Qxb2 19. Ncxd5 Nxd5 20. Nxd5 Rfe8
21. Qc2 Rab8 22. Qxb2 Rxb2 23. Rb1 Ra2 24. Ra1 Ree2 25. Rxa2 Rxa2 26. Rd1 Kf8
27. f4 Nd8 28. Ne3 Bb6 29. Bd5 Ra4 30. Nc4 Ba7 31. Ne5 Be8 32. Rd2 f6 33. Nf3
Bh5 34. Kg2 Ra3 35. Nh4 g5 36. fxg5 fxg5 37. Nf3 h6 38. Ne5 Ke7 39. h4 Bb8 40.
hxg5 hxg5 41. g4 Ra5 42. Bf3 Be8 43. Nc4 Ra4 44. Nb6 Ra1 45. d5 Bf4 46. d6+ Kf8
47. d7 Bf7 48. Bc5+ Kg8 49. Re2 Bc7 50. Nd5 Ba5 51. Ne7+ Kh7 52. Be4+ Kh6 53.
Ng8+ Kg7 54. Bd4+ Kxg8 55. Bxa1 Be6 56. Bf5 1-0